|
|
|
|
| LEADER |
00000nam a2200000 a 4500 |
| 001 |
vtls001416426 |
| 003 |
SK-MaSNL |
| 005 |
20260301072201.0 |
| 008 |
240315s2001 xo aap r yy slo |
| 015 |
|
|
|a SNBA2001/10-03343
|
| 020 |
|
|
|a 807099651X
|
| 035 |
|
|
|a SNK000371178
|
| 035 |
|
|
|a urn:nbn:sk:snk-amkn12
|
| 035 |
|
|
|a urn:nbn:sk:snk-am003bmx
|
| 035 |
|
|
|a 4BED9E01-E798-46E7-8C68-BA22A219E103
|
| 040 |
|
|
|a SNK
|b slo
|c SNK
|e AACR2
|
| 041 |
0 |
|
|a slo
|
| 044 |
|
|
|a xo
|c SK
|
| 080 |
|
|
|a 62-2(072)
|2 1981
|
| 100 |
1 |
|
|a Albert, Alexander
|4 aut
|9 16843
|
| 245 |
1 |
0 |
|a Nový prístup k vyučovaniu časti strojov
|c Alexander Albert
|
| 260 |
|
|
|a Košice
|b Technická univerzita
|c 2001
|
| 300 |
|
|
|a 72 s.
|b ilustr., sch., tab.
|c 24 cm
|
| 500 |
|
|
|a 150 výt.
|
| 504 |
|
|
|a Bibliogr. s. 72
|
| 650 |
0 |
7 |
|a stroje
|x školy stredné
|x vyučovanie
|x príručky metodické
|2 SNK
|9 391186
|
| 655 |
|
7 |
|a príručky
|2 SNK
|9 74364
|
| 919 |
|
|
|a 80-7099-651-X
|
| 958 |
|
|
|a TL
|
| 958 |
|
|
|a NB
|
| 999 |
|
|
|c 640270
|d 642200
|
| 952 |
|
|
|t P60, <03>, [BOOK], {603}
|a SNK
|b SNK
|y PREZ
|7 0
|p 17A0307610
|o snkSC 105399
|i snkKSP 8428/2001
|0 0
|1 0
|4 0
|d 2001-07-19
|f 1
|l 0
|r 2025-09-26 00:00:00
|w 2026-02-23
|
| 952 |
|
|
|t P60, <04>, [BOOK], {604}
|a SNK
|b SNK
|y VYP
|7 0
|p 17A0307611
|o snkSC 105399 D1
|i snkKSP 8429/2001
|0 0
|1 0
|4 0
|d 2001-07-19
|l 0
|r 2005-01-02 00:00:00
|w 2026-02-23
|